GRE, 20e (Record no. 327174)

000 -LEADER
fixed length control field 00404 a2200157 4500
001 - CONTROL NUMBER
control field 92101
082 ## - DEWEY DECIMAL CLASSIFICATION NUMBER
Classification number 378.1664 WEI
090 ## - LOCALLY ASSIGNED LC-TYPE CALL NUMBER (OCLC); LOCAL CALL NUMBER (RLIN)
-- 44064
-- 44063
100 ## - MAIN ENTRY--PERSONAL NAME
Personal name Sharon Weiner Green
245 ## - TITLE STATEMENT
Title GRE, 20e
250 ## - EDITION STATEMENT
Edition statement 20
260 ## - PUBLICATION, DISTRIBUTION, ETC.
Place of publication, distribution, etc. USA
Name of publisher, distributor, etc. Barron's Educational Series
Date of publication, distribution, etc. 2013
300 ## - PHYSICAL DESCRIPTION
Extent viii, 599p.
Other physical details Pb
Accompanying material 01 Audio File CD
500 ## - GENERAL NOTE
General note General Book
740 ## - ADDED ENTRY--UNCONTROLLED RELATED/ANALYTICAL TITLE
Uncontrolled related/analytical title GRADUATE RECORD EXAMINATION-2013
942 ## - ADDED ENTRY ELEMENTS (KOHA)
Institution code [OBSOLETE] CAE NUST
Call number prefix 378.1664 WEI
Holdings
Withdrawn status Lost status Damaged status Not for loan Collection code Permanent Location Current Location Date acquired Total Checkouts Full call number Barcode Date last seen Price effective from Koha item type
          College of Aeronautical Engineering (CAE) College of Aeronautical Engineering (CAE) 04/03/2017   378.1664 WEI CAE88490 04/05/2017 04/05/2017 Book
© 2023 Central Library, National University of Sciences and Technology. All Rights Reserved.